| 000 | 00689nam a2200181 a 4500 | ||
|---|---|---|---|
| 005 | 20210223121104.0 | ||
| 008 | 991125s1980 mx 000 0 spa u | ||
| 035 | _aUPN01000012031 | ||
| 049 | _aF | ||
| 050 | 4 |
_aLE7.2913 U265 _bD412 no.131 |
|
| 100 | 1 |
_aJiménez Mier y Terán, Fernando Juan Bosco _928789 |
|
| 245 | 1 | 0 |
_aCoyuntura en que surge la ley orgánica de la UNAM / _cFernando Jiménez Mier y Terán. |
| 260 |
_aMéxico : _bUNAM, Centro de Estudios sobre la Universidad, _c1980. |
||
| 300 | _a24 p. | ||
| 440 | 0 |
_aDeslinde. _pCuadernos de cultura política universitaria ; _v131 |
|
| 610 | 2 | 4 |
_aUNIVERSIDAD NACIONAL AUTONOMA DE MEXICO - _xLEYES Y REGLAMENTOS _927766 |
| 905 | _aLibro | ||
| 999 |
_c12031 _d12031 |
||